000 003910000a22001570004500
001 001355
003 MACL
040 _aMACL
090 _c1355
_d1355
100 _aBhattacharya, Asoke
245 _aExistentialism Kierkegaars Heidegger And Sartre
_bA Materialist Interperation
_cAsoke Bhattacharya
260 _aDorado,E.l,
_c1991
350 _a300
650 _aReligion
942 _k201
_cBook
999 _c1350
_d1350